banner-ar

jewels of ancient Nubia / (Record no. 63230)

MARC details
000 -الفاتح
حقل البيانات ثابتة الطول 00751nam a22002655i 4500
005 - وقت وتاريخ اخر تعامل مع التسجيلة
رقم الضبط 20240530110630.0
008 - عناصر البيانات ثابتة الطول - معلومات عامة
حقل البيانات ثابتة الطول 140411s2014 mau 000 0 eng
020 ## - الرقم الدولى المعيارى للكتب
الرقم الدولى المعيارى للكتاب 9780878468072 (hardcover : alk. paper)
040 ## - مصدر الفهرسة
وكالة الفهرسة الأصلية DLC
لغة الفهرسة eng
قواعد الوصف rda
وكالة النسخ DLC
042 ## -
-- pcc
082 04 - رقم تصنيف ديوى العشرى
رقم الطبعة 21
رقم التصنيف 739.27\
رقم المادة M J
100 1# - المدخل الرئيسى - إسم شخصى
الإسم الشخصى Markowitz, Yvonne J.
245 10 - بيان العنوان
العنوان jewels of ancient Nubia /
بيان المسئوليه,etc Yvonne J. Markowitz, Denise Doxey.
300 ## - الوصف المادى
التعداد pages cm
942 ## - عناصر المدخل الإضافي( كوها)
مصدر التصنيف او مخطط الترفيف Dewey Decimal Classification
Koha [default] item type كتاب
263 ## -
-- 1410
264 #1 -
-- Boston, MA :
-- MFA Publications,
-- 2014.
336 ## -
-- text
-- rdacontent
337 ## -
-- unmediated
-- rdamedia
338 ## -
-- volume
-- rdacarrier
906 ## - عنصر بيانات محلى F, LDF (RLIN)
a 0
b ibc
c orignew
d 2
e epcn
f 20
g y-gencatlg
Holdings
حالة التراجع حالة الفقد مصدر التصنيف او خطة الترفيف حالة تلف ليس للاعارة المكان المؤقت الموقع الحالى موقع الترفيف تاريخ الاكتساب اجمالي اﻻعارات رقم الطلب الباركود تاريخ اخر مشاهدة تاريخ تفعيل السعر نوع وعاء كوها
    ddc     مكتبة القاهرة الكبرى مكتبة القاهرة الكبرى   01/16/2017   739.27\ M J 163203 01/16/2017 01/16/2017 كتاب

Powered By

EGPV